01334nam a2200253 a 450000100100000000500170001000800410002704000250006808200320009324501610012526000350028630000270032159000270034865100710037565100670044670000360051370000320054970000370058171001420061891000370076095201300079795201360092799900170106300004350120201002044822.0110316s2013 dr ad 000 0 spa d aDO-SdBNPbspacBNPHU a330.97293bA532d, 2010-201100aAnálisis del desempeño económico y social de la República Dominicana 2010 - 2011 /ccoordinadores Magdalena Lizardo, Alexis Cruz, Ángeles Calzada. aSanto Domingo :bMEPyD,c2013. a86 p. :bil. ;c28 cm. aInventariado, 2018/ YL 4aRepública DominicanaxCondiciones Económicasy2010-2011971204 4aRepública DominicanaxCondiciones Socialesy2010-201197120512aLizardo Magdalenaecoor.93860212aCruz, Alexisecoord.97120212aCalzada, Ángelesecoord.9298912aRepública Dominicana.bMinisterio de Economía, Planificación y Desarrollo. Unidad Asesora de Análisis Económico y Social971203 aValidado. Control de calidad MFF 0010718PDaPDbPDcHDd2014-03-20iLF1l0o330.97293 A532d, 2010-2011p43501-10r2020-06-25w2020-06-25yLFPDZNo se presta 0010718PDaPDbPDcHDd2014-03-20iLF1l0o330.97293 A532d, 2010-2011p43501-20r2020-06-25te. 2w2020-06-25yLFPDZNo se presta c42990d42990